[Event "WchT Blitz Pool C"]
[Site "London"]
[Date "2025.06.14"]
[Round "3.3"]
[White "Florstedt, Johannes"]
[Black "Munguntuul, Batkhuyag"]
[Result "0-1"]
[WhiteElo "2391"]
[BlackElo "2356"]
[PlyCount "120"]
[EventDate "2025.06.14"]
[EventType "team-tourn"]
[EventRounds "13"]
[EventCountry "ENG"]
[SourceTitle "CB25_2025"]
[SourceDate "2025.06.18"]
[SourceVersion "1"]
[SourceVersionDate "2025.06.18"]
[SourceQuality "1"]
[WhiteTeam "Berlin Chess Federation"]
[BlackTeam "Mongolia II"]
[WhiteTeamCountry "GER"]
[BlackTeamCountry "MGL"]

1. e4 c5 2. Nf3 e6 3. d4 cxd4 4. Nxd4 Nc6 5. Nc3 Qc7 6. Be3 a6 7. Qf3 Nf6 8. 0-0-0 Ne5 9. Qg3 d6 10. f4 Neg4 11. Bg1 b5 12. h3 b4 13. Nce2 Nh6 14. Qe3 Bb7 15. Ng3 Rc8 16. Bd3 Be7 17. Nb3 0-0 18. Qb6 d5 19. e5 Ne4 20. Qxc7 Rxc7 21. Bxe4 dxe4 22. Bb6 Rc6 23. Ba5 Ba8 24. Rd7 Bh4 25. Ne2 Nf5 26. g4 Ne3 27. Ned4 Rc4 28. Nd2 Rcc8 29. Re1 Bxe1 30. N2b3 Bd5 31. f5 Bxb3 32. axb3 exf5 33. gxf5 Bg3 34. Bxb4 Bxe5 35. Bxf8 Kxf8 36. c3 Bxd4 37. Rxd4 Nxf5 38. Rxe4 Re8 39. Ra4 Re6 40. b4 Ne3 41. Kd2 f5 42. Kd3 f4 43. b3 f3 44. Ra2 g5 45. Rf2 g4 46. hxg4 Nxg4 47. Rxf3+ Kg7 48. Rg3 h5 49. c4 Kf6 50. c5 Ke5 51. Kc4 Kf4 52. Rh3 Kg5 53. b5 axb5+ 54. Kxb5 Ne5 55. Rh1 h4 56. b4 Kg4 57. Re1 h3 58. c6 Nxc6 59. Rxe6 Nd4+ 60. Kc5 Nxe6+ 0-1

[Event "WchT Blitz Pool C"]
[Site "London"]
[Date "2025.06.14"]
[Round "7.3"]
[White "Mortazavi, Ali"]
[Black "Munguntuul, Batkhuyag"]
[Result "0-1"]
[WhiteElo "2333"]
[BlackElo "2356"]
[PlyCount "138"]
[EventDate "2025.06.14"]
[EventType "team-tourn"]
[EventRounds "13"]
[EventCountry "ENG"]
[SourceTitle "CB25_2025"]
[SourceDate "2025.06.18"]
[SourceVersion "1"]
[SourceVersionDate "2025.06.18"]
[SourceQuality "1"]
[WhiteTeam "e-therapeutics"]
[BlackTeam "Mongolia II"]
[WhiteTeamCountry "ENG"]
[BlackTeamCountry "MGL"]

1. Nf3 d5 2. g3 Bg4 3. Bg2 Nd7 4. 0-0 c6 5. d3 e5 6. Nc3 Ngf6 7. e4 dxe4 8. Nxe4 Nxe4 9. dxe4 Bc5 10. c3 0-0 11. h3 Bh5 12. Qc2 Qe7 13. Nh4 Rfd8 14. Nf5 Qe6 15. b3 a5 16. Bb2 Nf8 17. a3 Bb6 18. Kh2 Rd7 19. c4 Rad8 20. Bc3 f6 21. c5 Bxc5 22. Bxa5 b6 23. Bc3 Bg6 24. b4 Bd4 25. Rfd1 Qc4 26. Rac1 Ne6 27. Bxd4 Qxc2 28. Rxc2 Bxf5 29. exf5 Nxd4 30. Rc3 Nf3+ 31. Bxf3 Rxd1 32. Bxd1 Rxd1 33. Rxc6 Rd3 34. Rxb6 Rxa3 35. Rb7 h5 36. h4 Ra2 37. Kg1 Rb2 38. Kf1 Kh7 39. Ke1 Kh6 40. b5 g6 41. Rb6 Kg7 42. Rb7+ Kh6 43. Rb6 Kg7 44. fxg6 Kxg6 45. Rb8 e4 46. b6 Kf5 47. Rh8 Kg4 48. Rh6 Rxb6 49. Rg6+ Kf3 50. Rh6 Rb1+ 51. Kd2 Kxf2 52. Rxf6+ Kxg3 53. Ke3 Re1+ 54. Kd2 Ra1 55. Ke3 Ra4 56. Rf8 Kxh4 57. Kf4 Kh3 58. Rh8 h4 59. Re8 Kg2 60. Rg8+ Kh2 61. Rh8 h3 62. Rh7 Kg2 63. Rg7+ Kh1 64. Rh7 h2 65. Kg3 Ra3+ 66. Kf4 e3 67. Kf3 Kg1 68. Rg7+ Kf1 69. Rh7 e2+ 0-1

[Event "WchT Blitz Pool C"]
[Site "London"]
[Date "2025.06.14"]
[Round "4.3"]
[White "Munguntuul, Batkhuyag"]
[Black "Haydon, David Leslie"]
[Result "0-1"]
[WhiteElo "2356"]
[BlackElo "2284"]
[PlyCount "186"]
[EventDate "2025.06.14"]
[EventType "team-tourn"]
[EventRounds "13"]
[EventCountry "ENG"]
[SourceTitle "CB25_2025"]
[SourceDate "2025.06.18"]
[SourceVersion "1"]
[SourceVersionDate "2025.06.18"]
[SourceQuality "1"]
[WhiteTeam "Mongolia II"]
[BlackTeam "Wood Green Youth"]
[WhiteTeamCountry "MGL"]
[BlackTeamCountry "ENG"]

1. e4 Nf6 2. e5 Nd5 3. d4 d6 4. Nf3 Bf5 5. Be2 e6 6. 0-0 Be7 7. a3 c6 8. c4 Nc7 9. exd6 Bxd6 10. Nc3 0-0 11. Bg5 Be7 12. Be3 Nd7 13. Re1 Nb6 14. Rc1 h6 15. h3 Bh7 16. Ne5 Nd7 17. Nf3 Nf6 18. Qd2 Rc8 19. Rcd1 Nce8 20. Qc1 Nd6 21. Ne5 Nde4 22. b4 a5 23. Qb2 Qc7 24. Bf3 Nd6 25. Bf4 Qd8 26. Na4 axb4 27. axb4 Ra8 28. Nc5 Qc8 29. Rc1 Rd8 30. b5 cxb5 31. cxb5 Qb8 32. b6 Nf5 33. Red1 Nd5 34. Bh2 Bd6 35. Bxd5 exd5 36. Kh1 Ra5 37. Ncd7 Qa8 38. Qb3 f6 39. Rc7 fxe5 40. Nxe5 Ne7 41. Qf3 Rf8 42. Qe3 Ra1 43. Rcc1 Rxc1 44. Rxc1 Nf5 45. Qb3 Ne7 46. Bg3 Qd8 47. Kg1 Bf5 48. Bh4 g5 49. Bg3 Be6 50. Qb1 Nf5 51. Bh2 Qf6 52. Rd1 Nxd4 53. Qg6+ Qxg6 54. Nxg6 Bxh2+ 55. Kxh2 Rf6 56. Ne7+ Kf7 57. Nxd5 Bxd5 58. Rxd4 Bc6 59. Kg3 Re6 60. h4 Kg6 61. hxg5 hxg5 62. f4 gxf4+ 63. Rxf4 Re2 64. Rg4+ Kf5 65. Kh3 Ke5 66. Rg5+ Kf4 67. Rg4+ Ke3 68. Rg6 Kf2 69. g4 Re1 70. Rf6+ Bf3 71. Kh4 Rh1+ 72. Kg5 Rg1 73. Rf4 Ke3 74. Kf5 Rc1 75. Rb4 Rc5+ 76. Kf6 Be4 77. g5 Rf5+ 78. Ke6 Rxg5 79. Kd6 Rd5+ 80. Kc7 Rd3 81. Rxe4+ Kxe4 82. Kxb7 Kd5 83. Kc7 Rc3+ 84. Kb8 Kc6 85. b7 Rb3 86. Ka8 Ra3+ 87. Kb8 Rh3 88. Ka8 Ra3+ 89. Kb8 Kb6 90. Kc8 Rc3+ 91. Kb8 Rh3 92. Ka8 Ra3+ 93. Kb8 Ra7 0-1

[Event "WchT Rapid"]
[Site "London"]
[Date "2025.06.12"]
[Round "5.3"]
[White "Munguntuul, Batkhuyag"]
[Black "Bologan, Viktor"]
[Result "1-0"]
[WhiteElo "2291"]
[BlackElo "2501"]
[PlyCount "115"]
[EventDate "2025.06.11"]
[EventType "team-swiss"]
[EventRounds "12"]
[EventCountry "ENG"]
[SourceTitle "CB25_2025"]
[SourceDate "2025.06.18"]
[SourceVersion "1"]
[SourceVersionDate "2025.06.18"]
[SourceQuality "1"]
[WhiteTeam "Mongolia II"]
[BlackTeam "FIDE MB Team"]
[WhiteTeamCountry "MGL"]

1. e4 e5 2. Nf3 Nc6 3. Bb5 a6 4. Ba4 d6 5. c3 Nf6 6. Qe2 Bg4 7. 0-0 Be7 8. Rd1 0-0 9. d4 Nd7 10. h3 Bh5 11. g4 Bg6 12. d5 Ncb8 13. Nbd2 c6 14. dxc6 bxc6 15. Nf1 Nc5 16. Bc2 Nbd7 17. Ng3 a5 18. Nf5 Bxf5 19. gxf5 Qb8 20. Kh1 d5 21. exd5 cxd5 22. Rxd5 Qb7 23. Rd1 e4 24. Nd4 Bf6 25. Be3 Nd3 26. Rab1 N7e5 27. Ba4 Rac8 28. Rg1 Kh8 29. Rg2 Nf3 30. Rg3 Nxd4 31. cxd4 Qd5 32. Bb3 Qxf5 33. Rbg1 Bh4 34. Qg4 Qxg4 35. Rxg4 Bxf2 36. Rxe4 Bxg1 37. Bxg1 Nxb2 38. d5 Nd3 39. d6 Rfd8 40. Rd4 Ne5 41. Kg2 a4 42. Bxa4 Rc4 43. Rxc4 Nxc4 44. d7 Kg8 45. Bd4 Ra8 46. Bc6 Rb8 47. a4 Na5 48. Bb5 Nb7 49. Bb6 Nd8 50. Bc7 Ra8 51. a5 Kf8 52. Bd6+ Kg8 53. a6 g5 54. Be7 Kg7 55. a7 Ne6 56. Bc4 Nd8 57. Bxd8 Rxd8 58. Ba6 1-0

[Event "WchT Rapid"]
[Site "London"]
[Date "2025.06.12"]
[Round "8.3"]
[White "Norwood, David"]
[Black "Munguntuul, Batkhuyag"]
[Result "1-0"]
[WhiteElo "2494"]
[BlackElo "2291"]
[PlyCount "143"]
[EventDate "2025.06.11"]
[EventType "team-swiss"]
[EventRounds "12"]
[EventCountry "ENG"]
[SourceTitle "CB25_2025"]
[SourceDate "2025.06.18"]
[SourceVersion "1"]
[SourceVersionDate "2025.06.18"]
[SourceQuality "1"]
[WhiteTeam "e-therapeutics"]
[BlackTeam "Mongolia II"]
[WhiteTeamCountry "ENG"]
[BlackTeamCountry "MGL"]

1. g3 d5 2. Bg2 c6 3. Nf3 Bg4 4. b3 Nd7 5. Bb2 Ngf6 6. d3 Qc7 7. Nbd2 e5 8. e4 dxe4 9. dxe4 Bc5 10. 0-0 0-0 11. h3 Bh5 12. Qe1 Rfe8 13. Nh4 Rad8 14. Bf3 Bg6 15. Kg2 Nf8 16. Qe2 Ne6 17. c3 Ng5 18. Nxg6 Qd7 19. Bg4 Nxg4 20. Qxg4 Qxg4 21. hxg4 Rxd2 22. Bc1 Rc2 23. Bxg5 hxg6 24. Rad1 f6 25. b4 Bb6 26. Bc1 Rxc3 27. Rd7 Rd8 28. Rxb7 Rc4 29. g5 Rcd4 30. gxf6 gxf6 31. Be3 R4d7 32. Bxb6 axb6 33. Rxb6 Rc7 34. Rc1 Rdc8 35. b5 cxb5 36. Rxc7 Rxc7 37. Rxf6 Kg7 38. Rb6 Rc5 39. a3 Rc4 40. f3 Rc2+ 41. Kh3 Rc3 42. Kg4 Rxa3 43. Rxb5 Kf6 44. Rb6+ Kf7 45. Rc6 Re3 46. Rc4 Kf6 47. Ra4 Kf7 48. f4 Kf6 49. Ra6+ Kf7 50. Ra7+ Kf6 51. Ra4 Re1 52. fxe5+ Kxe5 53. Kg5 Rxe4 54. Ra3 Ke6 55. Rf3 Ke5 56. Kxg6 Rg4+ 57. Kh5 Rg8 58. g4 Rh8+ 59. Kg5 Rg8+ 60. Kh4 Rh8+ 61. Kg3 Rg8 62. Rf1 Ke4 63. Rf5 Rh8 64. Ra5 Rh1 65. g5 Rg1+ 66. Kh4 Kf4 67. Kh5 Rb1 68. Kh6 Rh1+ 69. Kg7 Rh5 70. Kf6 Kg4 71. Ra4+ Kf3 72. g6 1-0

[Event "Asia-ch (Women) Blitz"]
[Site "Al Ain"]
[Date "2025.05.10"]
[Round "1"]
[White "Nadirjanova, Nodira"]
[Black "Munguntuul, Batkhuyag"]
[Result "1-0"]
[WhiteElo "2130"]
[BlackElo "2359"]
[PlyCount "189"]
[EventDate "2025.05.10"]
[EventType "swiss (blitz)"]
[EventRounds "9"]
[EventCountry "UAE"]
[SourceTitle "CB20_2025"]
[SourceDate "2025.05.14"]
[SourceVersion "1"]
[SourceVersionDate "2025.05.14"]
[SourceQuality "1"]

1. Nf3 d5 2. e3 Nf6 3. c4 e6 4. b3 Bd6 5. Bb2 0-0 6. Be2 c6 7. 0-0 Nbd7 8. d4 Ne4 9. Nbd2 f5 10. Ne5 Nxe5 11. dxe5 Bc5 12. Nxe4 fxe4 13. Bd4 Qe7 14. Kh1 Bd7 15. Bg4 Rf7 16. f4 exf3 17. gxf3 Raf8 18. f4 Bxd4 19. Qxd4 c5 20. Qd2 Bc6 21. cxd5 Bxd5+ 22. Bf3 Rd8 23. Qg2 Qh4 24. Rad1 Rfd7 25. Bxd5 Rxd5 26. Rg1 g6 27. Qf3 Rd2 28. Rxd2 Rxd2 29. Rg2 Rd7 30. Qg3 Qd8 31. Qf3 b6 32. h3 a5 33. Kh2 Kf7 34. Kg3 Rd5 35. Rc2 b5 36. a4 bxa4 37. bxa4 Qd7 38. Qe4 Kg7 39. Rb2 Qc7 40. Qb1 Rd7 41. Qe4 c4 42. Rc2 c3 43. h4 Rd2 44. h5 Rxc2 45. Qxc2 Qc5 46. Kf3 Qd5+ 47. Ke2 Qc4+ 48. Kf3 gxh5 49. Qg2+ Kf7 50. Qc2 Qd5+ 51. Kg3 Qd2 52. Qxh7+ Ke8 53. Qxh5+ Kd7 54. Qf7+ Kd8 55. Qf8+ Kc7 56. Qc5+ Kd7 57. Qa7+ Kc6 58. Qa6+ Kd5 59. Qxa5+ Ke4 60. Qa8+ Kxe3 61. Qf3+ Kd4 62. Qc6 c2 63. Qb6+ Ke4 64. Qc6+ Ke3 65. Qc5+ Kd3 66. Qb5+ Kc3 67. Qa5+ Kd3 68. Qb5+ Kd4 69. Qb6+ Ke4 70. Qb7+ Qd5 71. Qh7+ Ke3 72. Qxc2 Qf3+ 73. Kh4 Qxf4+ 74. Kh5 Qxe5+ 75. Kh4 Qf4+ 76. Kh3 e5 77. Qc3+ Ke2 78. Qc2+ Qd2 79. Qe4+ Qe3+ 80. Qxe3+ Kxe3 81. a5 Kd2 82. a6 e4 83. a7 e3 84. a8Q e2 85. Qd5+ Kc1 86. Qc4+ Kd2 87. Qd4+ Kc1 88. Qc3+ Kd1 89. Qd3+ Ke1 90. Kg4 Kf2 91. Qf3+ Ke1 92. Kf4 Kd2 93. Qe3+ Kd1 94. Qd3+ Ke1 95. Ke3 1-0

[Event "Asia-ch (Women)"]
[Site "Al Ain"]
[Date "2025.05.09"]
[Round "3"]
[White "Munguntuul, Batkhuyag"]
[Black "Priyanka, K."]
[Result "1-0"]
[WhiteElo "2359"]
[BlackElo "2087"]
[PlyCount "56"]
[EventDate "2025.05.07"]
[EventType "swiss"]
[EventRounds "9"]
[EventCountry "UAE"]
[SourceTitle "CB21_2025"]
[SourceDate "2025.05.21"]
[SourceVersion "1"]
[SourceVersionDate "2025.05.21"]
[SourceQuality "1"]

1. e4 e5 2. Nf3 Nc6 3. Bb5 a6 4. Ba4 d6 5. 0-0 Bg4 6. h3 h5 7. c4 b5 8. cxb5 Nd4 9. bxa6+ c6 10. Nxd4 Bxd1 11. Bxc6+ Ke7 12. Nc3 d5 13. Nxd5+ Kd6 14. Bxa8 exd4 15. Bb7 Qb8 16. Rxd1 Kd7 17. b4 Nf6 18. Bb2 Nxd5 19. exd5 Qa7 20. Rac1 Bxb4 21. Rc4 Bc5 22. Rdc1 Bb6 23. d3 Rb8 24. Rb4 Bc5 25. Rb5 Bd6 26. Rc4 Be5 27. d6 Bf6 28. Ba3 Be5 1-0

[Event "Asia-ch (Women)"]
[Site "Al Ain"]
[Date "2025.05.07"]
[Round "1"]
[White "Munguntuul, Batkhuyag"]
[Black "Shen, Zhiyuan"]
[Result "1-0"]
[WhiteElo "2359"]
[BlackElo "2103"]
[PlyCount "46"]
[EventDate "2025.05.07"]
[EventType "swiss"]
[EventRounds "9"]
[EventCountry "UAE"]
[SourceTitle "CB21_2025"]
[SourceDate "2025.05.21"]
[SourceVersion "1"]
[SourceVersionDate "2025.05.21"]
[SourceQuality "1"]

1. e4 c5 2. Nf3 Nc6 3. d4 cxd4 4. Nxd4 e5 5. Nb5 d6 6. N1c3 a6 7. Na3 Be6 8. Nc4 b5 9. Ne3 Nf6 10. g3 g6 11. Bg2 Bg7 12. 0-0 0-0 13. a4 b4 14. Ncd5 a5 15. Nc4 Bxd5 16. exd5 Ne7 17. Be3 Rb8 18. Rc1 Nf5 19. Bd2 Qc7 20. b3 Qc5 21. c3 Nxd5 22. cxb4 Nxb4 23. Ne3 Qa7 1-0

[Event "Wch Blitz (Women)"]
[Site "New York"]
[Date "2024.12.30"]
[Round "2"]
[White "Krasteva, Beloslava"]
[Black "Munguntuul, Batkhuyag"]
[Result "1/2-1/2"]
[WhiteElo "2281"]
[BlackElo "2342"]
[PlyCount "97"]
[EventDate "2024.12.30"]
[EventType "swiss (blitz)"]
[EventRounds "11"]
[EventCountry "USA"]
[SourceTitle "CB01_2025"]
[SourceDate "2025.01.01"]
[SourceVersion "1"]
[SourceVersionDate "2025.01.01"]
[SourceQuality "1"]

1. d4 d5 2. c4 c6 3. cxd5 cxd5 4. Bf4 Nc6 5. e3 Nf6 6. Bd3 e6 7. Nc3 Bd6 8. Bxd6 Qxd6 9. f4 0-0 10. Nf3 Bd7 11. 0-0 Ne7 12. Ne5 Nf5 13. Qf3 h5 14. h3 h4 15. Bxf5 exf5 16. Qf2 Ne4 17. Nxe4 fxe4 18. Qxh4 Bb5 19. Rfe1 Rfc8 20. Qf2 f6 21. Ng6 Be8 22. Nh4 Rc6 23. Qd2 Rac8 24. Rac1 Qd7 25. f5 Qc7 26. Rxc6 Qxc6 27. g4 Qc2 28. Rd1 Rc7 29. Ng2 Ba4 30. b3 Be8 31. Nf4 Bf7 32. Kf1 Kf8 33. Ke1 Ke7 34. Qxc2 Rxc2 35. Rd2 Rc1+ 36. Kf2 Rh1 37. Rc2 Kd6 38. Kg2 Re1 39. Kf2 Ra1 40. Ne2 Be8 41. Nc3 Bc6 42. Ne2 a5 43. Nf4 b5 44. Nh5 Rh1 45. Kg2 Re1 46. Kf2 Rh1 47. Kg2 Re1 48. Kf2 Rh1 49. Kg2 1/2-1/2

[Event "Wch Blitz (Women)"]
[Site "New York"]
[Date "2024.12.30"]
[Round "9"]
[White "Mkrtchyan, Mariam"]
[Black "Munguntuul, Batkhuyag"]
[Result "1-0"]
[WhiteElo "2325"]
[BlackElo "2342"]
[PlyCount "99"]
[EventDate "2024.12.30"]
[EventType "swiss (blitz)"]
[EventRounds "11"]
[EventCountry "USA"]
[SourceTitle "CB01_2025"]
[SourceDate "2025.01.01"]
[SourceVersion "1"]
[SourceVersionDate "2025.01.01"]
[SourceQuality "1"]

1. d4 d5 2. c4 e6 3. Nf3 c6 4. e3 Nf6 5. Nc3 Nbd7 6. Be2 dxc4 7. a4 c5 8. 0-0 cxd4 9. Qxd4 Bc5 10. Qxc4 0-0 11. a5 Qe7 12. e4 Bd6 13. h3 Ne5 14. Nxe5 Bxe5 15. f4 Bxc3 16. bxc3 Rd8 17. Ba3 Qe8 18. Bf3 Bd7 19. Rfd1 Bc6 20. Bd6 Rac8 21. Qb4 a6 22. Rd2 Bb5 23. Rd4 Rc6 24. Rad1 Rdc8 25. Be5 Rc4 26. Rxc4 Rxc4 27. Qd6 Nxe4 28. Qb6 Bd7 29. Bxe4 Rxe4 30. Qxb7 f5 31. Qxd7 Qxd7 32. Rxd7 g5 33. Rd4 Re1+ 34. Kf2 Ra1 35. Bc7 gxf4 36. Rxf4 Kf7 37. Rb4 Ra3 38. c4 Kf6 39. c5 Rc3 40. Bd6 e5 41. Rb8 e4 42. Re8 Kg5 43. g3 Rc2+ 44. Ke3 Rc3+ 45. Kd4 Rd3+ 46. Kc4 h5 47. h4+ Kg4 48. Re6 Kf3 49. Bf4 Rd1 50. c6 1-0

[Event "Wch Blitz (Women)"]
[Site "New York"]
[Date "2024.12.30"]
[Round "1"]
[White "Munguntuul, Batkhuyag"]
[Black "Fataliyeva, Ulviyya Hasil Qizi"]
[Result "0-1"]
[WhiteElo "2342"]
[BlackElo "2381"]
[PlyCount "74"]
[EventDate "2024.12.30"]
[EventType "swiss (blitz)"]
[EventRounds "11"]
[EventCountry "USA"]
[SourceTitle "CB01_2025"]
[SourceDate "2025.01.01"]
[SourceVersion "1"]
[SourceVersionDate "2025.01.01"]
[SourceQuality "1"]

1. e4 e5 2. Nf3 Nc6 3. Bb5 a6 4. Ba4 Nf6 5. 0-0 Be7 6. d3 b5 7. Bb3 d6 8. a3 Na5 9. Ba2 c5 10. Nc3 Be6 11. Bg5 0-0 12. Bxf6 Bxf6 13. Nd5 c4 14. dxc4 Nxc4 15. Bxc4 bxc4 16. Nxf6+ gxf6 17. Nh4 Rb8 18. Rb1 d5 19. Qh5 d4 20. f4 exf4 21. Nf5 Bxf5 22. exf5 d3 23. Rxf4 dxc2 24. Rbf1 Qd2 25. Qh6 Qe3+ 26. Kh1 c1Q 27. Rg4+ Qg5 28. Rxc1 Qxg4 29. Qxf6 Rbd8 30. h3 Rd1+ 31. Rxd1 Qxd1+ 32. Kh2 Qd2 33. Qxa6 Qf4+ 34. Kh1 Re8 35. Qa5 Qc1+ 36. Kh2 Qxb2 37. a4 Qe5+ 0-1

[Event "Wch Blitz (Women)"]
[Site "New York"]
[Date "2024.12.30"]
[Round "6"]
[White "Munguntuul, Batkhuyag"]
[Black "Lesbekova, Asel"]
[Result "1-0"]
[WhiteElo "2342"]
[BlackElo "1952"]
[PlyCount "141"]
[EventDate "2024.12.30"]
[EventType "swiss (blitz)"]
[EventRounds "11"]
[EventCountry "USA"]
[SourceTitle "CB01_2025"]
[SourceDate "2025.01.01"]
[SourceVersion "1"]
[SourceVersionDate "2025.01.01"]
[SourceQuality "1"]

1. e4 e5 2. Nf3 Nf6 3. Nxe5 Nxe4 4. Qe2 Qe7 5. Qxe4 d6 6. d4 dxe5 7. Qxe5 Qxe5+ 8. dxe5 Bf5 9. c3 Nd7 10. f4 g5 11. Bc4 Bc5 12. Rf1 Be6 13. Bxe6 fxe6 14. b4 Bb6 15. Na3 a5 16. Nc4 axb4 17. Nxb6 Nxb6 18. cxb4 gxf4 19. Bxf4 Nd5 20. Bd2 Ra4 21. a3 Rg8 22. g3 Rg4 23. Kd1 Nb6 24. Kc2 Nc4 25. Rf6 Kd7 26. Bc3 Ne3+ 27. Kb3 b5 28. Rf7+ Kc6 29. Rxh7 Nd5 30. Rc1 Kb6 31. Rh6 Re4 32. Rxe6+ Kb7 33. h4 Re3 34. g4 Ra8 35. Kb2 Rf8 36. Bd4 Re2+ 37. Rc2 Re4 38. Bc5 Rf3 39. Rg6 Nf4 40. Rg7 Nd3+ 41. Ka2 Rf1 42. Bd6 Nc1+ 43. Kb2 Nd3+ 44. Kc3 Nxe5 45. Rxc7+ Kb6 46. Bxe5 Rxe5 47. Kb2 Re6 48. g5 Rh1 49. Rh7 Rh3 50. h5 Ree3 51. Rh6+ Kb7 52. Rh7+ Kb6 53. g6 Rb3+ 54. Kc1 Rh1+ 55. Kd2 Rh2+ 56. Kc1 Rh1+ 57. Kd2 Rh2+ 58. Kd1 Rb1+ 59. Rc1 Rh1+ 60. Ke2 Rbxc1 61. g7 Rh2+ 62. Kf3 Rg1 63. h6 Rh3+ 64. Kf4 Rh5 65. Rh8 Rxh6 66. Rxh6+ Kb7 67. Rh7 Kc6 68. Kf5 Kd5 69. Kf6 Kc4 70. Rh5 Rxg7 71. Kxg7 1-0

[Event "Wch Blitz (Women)"]
[Site "New York"]
[Date "2024.12.30"]
[Round "7"]
[White "Wu, Rochelle"]
[Black "Munguntuul, Batkhuyag"]
[Result "1-0"]
[WhiteElo "2237"]
[BlackElo "2342"]
[PlyCount "43"]
[EventDate "2024.12.30"]
[EventType "swiss (blitz)"]
[EventRounds "11"]
[EventCountry "USA"]
[SourceTitle "CB01_2025"]
[SourceDate "2025.01.01"]
[SourceVersion "1"]
[SourceVersionDate "2025.01.01"]
[SourceQuality "1"]

1. Nf3 d5 2. b3 c5 3. d4 Nc6 4. Bb2 Bg4 5. e3 e6 6. Be2 Nf6 7. 0-0 Bd6 8. dxc5 Bxc5 9. c4 0-0 10. Nc3 dxc4 11. Bxc4 Qe7 12. h3 Rfd8 13. Qe2 Bh5 14. g4 Bg6 15. Rad1 h5 16. Nh4 Bh7 17. g5 Ne4 18. Nxe4 Bxe4 19. Qxh5 Bc2 20. Rxd8+ Rxd8 21. g6 b6 22. Qh7+ 1-0

[Event "Wch Rapid (Women)"]
[Site "New York"]
[Date "2024.12.27"]
[Round "7"]
[White "Balajayeva, Khanim Asad Qizi"]
[Black "Munguntuul, Batkhuyag"]
[Result "1-0"]
[WhiteElo "2242"]
[BlackElo "2299"]
[PlyCount "69"]
[EventDate "2024.12.26"]
[EventType "swiss (rapid)"]
[EventRounds "11"]
[EventCountry "USA"]
[SourceTitle "CB01_2025"]
[SourceDate "2025.01.01"]
[SourceVersion "1"]
[SourceVersionDate "2025.01.01"]
[SourceQuality "1"]

1. e4 c5 2. Nf3 e6 3. d4 cxd4 4. Nxd4 Nc6 5. Bf4 d6 6. Nxc6 bxc6 7. Bd3 e5 8. Be3 Nf6 9. 0-0 Be7 10. c4 0-0 11. Nc3 Be6 12. b3 Qc8 13. f3 Bd8 14. Qe2 Bb6 15. Rfd1 Nd7 16. Bc2 Qc7 17. Rd2 Rad8 18. Rad1 Ba5 19. Rd3 Bb4 20. Na4 f5 21. Bg5 Rde8 22. Bd2 Bc5+ 23. Be3 fxe4 24. fxe4 Bxe3+ 25. Qxe3 Bg4 26. R1d2 Rf6 27. h3 Bh5 28. c5 Nxc5 29. Nxc5 dxc5 30. Rd7 Qb6 31. Bd3 Bf7 32. Rf2 Rd8 33. Rxf7 Rxd3 34. R7xf6 Rd1+ 35. Rf1 1-0

[Event "Qatar Masters op-A"]
[Site "Doha"]
[Date "2024.12.04"]
[Round "2"]
[White "Munguntuul, Batkhuyag"]
[Black "Yakubbaeva, Nilufar"]
[Result "1-0"]
[WhiteElo "2342"]
[BlackElo "2241"]
[PlyCount "65"]
[EventDate "2024.12.03"]
[EventType "swiss"]
[EventRounds "9"]
[EventCountry "QAT"]
[SourceTitle "CB51_2024"]
[SourceDate "2024.12.18"]
[SourceVersion "1"]
[SourceVersionDate "2024.12.18"]
[SourceQuality "1"]

1. e4 e5 2. Nf3 Nc6 3. Bb5 Nf6 4. Qe2 Bc5 5. c3 0-0 6. d3 d6 7. h3 a6 8. Ba4 b5 9. Bb3 Be6 10. Bg5 Bxb3 11. axb3 Qe7 12. b4 Bb6 13. Nbd2 Qe6 14. 0-0 a5 15. bxa5 Nxa5 16. Nh4 Nc6 17. Nf5 Ne7 18. Qf3 Kh8 19. Kh1 Nfg8 20. b4 f6 21. Be3 Bxe3 22. fxe3 Ra2 23. Qg3 g6 24. Nxe7 Nxe7 25. Nf3 Rfa8 26. Rxa2 Rxa2 27. Qh4 Kg7 28. d4 Qc4 29. Nd2 Nf5 30. Rxf5 Qe6 31. Rf2 exd4 32. exd4 f5 33. Kh2 1-0